[Event "Ruhrgebiet Verbandsklasse Gruppe 2 1819"]
[Site "Nordrheinwestfalen"]
[Date "2019.05.05"]
[Round "9.7"]
[White "Ziemann, David"]
[Black "Maerz, Klaus"]
[Result "1-0"]
[WhiteElo "1689"]
[BlackElo "1680"]
[PlyCount "63"]
[EventDate "2018.09.23"]
[EventType "team-tourn"]
[EventRounds "9"]
[EventCountry "GER"]
[SourceTitle "EXT 2022"]
[Source "ChessBase"]
[SourceDate "2021.10.06"]
[SourceVersion "1"]
[SourceVersionDate "2021.10.06"]
[SourceQuality "1"]
[WhiteTeam "Bochum SG IV"]
[BlackTeam "Steele/Kray Rochade"]
[WhiteTeamCountry "GER"]
[BlackTeamCountry "GER"]

1. e4 c5 2. Nf3 Nc6 3. Bb5 e6 4. 0-0 Nge7 5. Re1 a6 6. Bf1 Ng6 7. c3 Be7 8. d4 d5 9. exd5 Qxd5 10. Be3 cxd4 11. cxd4 Bb4 12. Nc3 Bxc3 13. bxc3 b5 14. a4 Rb8 15. Qd2 Bb7 16. axb5 axb5 17. Reb1 b4 18. cxb4 0-0 19. Qb2 Ra8 20. b5 Nb8 21. Rxa8 Bxa8 22. Ra1 Qb7 23. Ra3 Nd7 24. Qa2 Nb6 25. Ra7 Qe4 26. Qa6 Rb8 27. d5 Nf4 28. Qxb6 Nh3+ 29. Kh1 Re8 30. Qc7 Rf8 31. Qe5 Qb1 32. Ra1 1-0

[Event "Ruhrgebiet Verbandsklasse Gruppe 2 1819"]
[Site "Nordrheinwestfalen"]
[Date "2019.03.24"]
[Round "8.4"]
[White "Ziemann, David"]
[Black "Distelrath, Oliver"]
[Result "1/2-1/2"]
[WhiteElo "1625"]
[BlackElo "1875"]
[PlyCount "40"]
[EventDate "2018.09.23"]
[EventType "team-tourn"]
[EventRounds "9"]
[EventCountry "GER"]
[SourceTitle "EXT 2022"]
[Source "ChessBase"]
[SourceDate "2021.10.06"]
[SourceVersion "1"]
[SourceVersionDate "2021.10.06"]
[SourceQuality "1"]
[WhiteTeam "Bochum SG IV"]
[BlackTeam "Unser Fritz"]
[WhiteTeamCountry "GER"]
[BlackTeamCountry "GER"]

1. e4 Nf6 2. e5 Nd5 3. d4 d6 4. Nf3 Bg4 5. Be2 c6 6. exd6 exd6 7. 0-0 Be7 8. c4 Nf6 9. d5 c5 10. Nc3 0-0 11. b3 Nbd7 12. Bb2 Re8 13. Qc2 Nf8 14. Rae1 Qd7 15. Nd2 Ng6 16. Bxg4 Qxg4 17. Ne2 Nf4 18. Nxf4 Qxf4 19. Nf3 Bf8 20. Bxf6 Qxf6 1/2-1/2